Deutsche Städte, an denen Flüsse zusammenfließen - Statistiken

Allgemein
  • Dieses Quiz wurde 68 mal gespielt
    12 seit der letzten Aktualisierung
  • Das Durchschnittsergebnis liegt bei 13 aus 32
Antwortstatistiken
Flüsse Stadt % Korrekt
Havel /Spree Berlin
100%
Rhein /Düssel Düsseldorf
100%
Rhein /Mosel Koblenz
100%
Rhein / Ruhr Duisburg
91%
Rhein /Neckar Mannheim
82%
Donau /Regen Regensburg
82%
Rhein /Sieg Bonn / Troisdorf / Niederkassel
73%
Rhein /Main Wiesbaden / Ginsheim-Gustavsburg
73%
Rednitz /Pegnitz Fürth
64%
Donau /Inn / Ilz Passau
64%
Saale /Weiße Elster Halle
55%
Brigach /Breg Donaueschingen
45%
Fulda /Werra Hann. Münden
45%
Donau /Iller Ulm / Neu-Ulm
45%
Main /Regnitz Bamberg / Oberhaid
27%
Rhein /Nahe Bingen
27%
Donau /Isar Deggendorf / Moos
27%
Rhein /Alb Karlsruhe / Eggenstein-Leopoldhafen
27%
Rhein / Lahn Lahnstein
27%
Rhein /Wupper Leverkusen
27%
Rhein /Erft Neuss
18%
Rhein /Ahr Sinzig
18%
Weser /Aller Verden
18%
Main /Tauber Wertheim
18%
Rhein /Lippe Wesel
18%
Elbe /Mulde Dessau-Roßlau
9%
Ruhr /Lenne Hagen
9%
Rhein /Kinzig Kehl
9%
Mosel /Saar Konz
9%
Neckar /Fils Plochingen
9%
Elbe /Saale Barby
0%
Elbe /Havel Werben
0%
Keine übereinstimmenden Quizze gefunden
Verteilung der Resultate
Anzahl Personen mit jedem Resultat
Perzentil nach korrekt beantworteten Fragen
Ihre Resultats-Entwicklung
Sie haben dieses Quiz seit der letzten Aktualisierung nicht gespielt